1997 IEEE International Professional Communication Conference : crossroads in communication : IPCC 97 proceedings, October 22-25, 1997 in Salt Lake City, Utah at Snowbird Resort /

Bibliographic Details
Corporate Authors: International Professional Communication Conference Salt Lake City, Utah, IEEE Professional Communication Society
Format: Conference Proceeding Book
Language:English
Published: [New York] : Institute of Electrical and Electronics Engineers, IEEE Service Center, Piscataway, NJ : ©1997.
Subjects:

MARC

Tag First Indicator Second Indicator Subfields
LEADER 00000cam a2200000 a 4500
001 in00001403847
005 20151020053203.0
008 971205s1997 nyua b 101 0 eng d
010 |a  97080020  
020 |a 0780341848 (softbound) 
020 |a 0780341856 (casebound) 
020 |a 0780341864 (microfiche) 
035 |a (OCoLC)38045933 
035 |9 AHM7323AM 
040 |a AKR  |c AKR  |d TXA  |d UtOrBLW 
049 |a TXAM 
090 |a T10.5  |b .I54 1997 
111 2 |a International Professional Communication Conference  |d (1997 :  |c Salt Lake City, Utah) 
245 1 0 |a 1997 IEEE International Professional Communication Conference :  |b crossroads in communication : IPCC 97 proceedings, October 22-25, 1997 in Salt Lake City, Utah at Snowbird Resort /  |c sponsored by the IEEE Professional Communication Society. 
246 1 0 |a Crossroads in communication 
246 1 0 |a IPCC 97 proceedings 
246 1 0 |a IPCC 1997 proceedings 
264 1 |a [New York] :  |b Institute of Electrical and Electronics Engineers,  |c Piscataway, NJ :  |b IEEE Service Center,  |c ©1997. 
300 |a 472 pages :  |b illustrations ;  |c 28 cm. 
336 |a text  |b txt  |2 rdacontent 
337 |a unmediated  |b n  |2 rdamedia 
338 |a volume  |b nc  |2 rdacarrier 
500 |a "IEEE catalog number 97CH36123"--Title page verso. 
504 |a Includes bibliographical references and index. 
650 0 |a Communication of technical information  |v Congresses. 
650 0 |a Technical writing  |v Congresses. 
650 0 |a Web publishing  |v Congresses. 
650 0 |a World Wide Web  |v Congresses. 
650 0 |a Distance education  |v Congresses. 
710 2 |a IEEE Professional Communication Society. 
999 |a MARS 
999 f f |s 7492f05b-8527-330a-b1cb-2df88cb94eb2  |i f08f4cc0-11ba-3ec2-a7b8-150ce9ad98bc  |t 0 
952 f f |p ric  |a Texas A&M University  |b Rellis Campus  |c Joint Library Facility  |d Remote Storage  |t 0  |e T10.5 .I54 1997  |h Library of Congress classification  |i unmediated -- volume  |m A14822025285 
998 f f |a T10.5 .I54 1997  |t 0  |l Remote Storage